Communication in organizations / (Record no. 50953)

MARC details
000 -LEADER
fixed length control field 00608nam a22001937a 4500
008 - FIXED-LENGTH DATA ELEMENTS--GENERAL INFORMATION
fixed length control field 170704b xxu||||| |||| 00| 0 eng d
020 ## - INTERNATIONAL STANDARD BOOK NUMBER
International Standard Book Number 9780314012357
020 ## - INTERNATIONAL STANDARD BOOK NUMBER
International Standard Book Number 0314012354
050 ## - LIBRARY OF CONGRESS CALL NUMBER
Classification number HD30.3
Item number .F55 1993
100 ## - MAIN ENTRY--PERSONAL NAME
Personal name Fisher, Dalmar.
245 ## - TITLE STATEMENT
Title Communication in organizations /
Statement of responsibility, etc Dalmar Fisher.
250 ## - EDITION STATEMENT
Edition statement 2nd ed.
260 ## - PUBLICATION, DISTRIBUTION, ETC. (IMPRINT)
Place of publication, distribution, etc Minneapolis :
Name of publisher, distributor, etc West Pub.,
Date of publication, distribution, etc 1993.
300 ## - PHYSICAL DESCRIPTION
Extent xvii, 551 p. :
Other physical details ill. ;
Dimensions 27 cm.
500 ## - GENERAL NOTE
General note Includes bibliographical references and indexes.
650 ## - SUBJECT ADDED ENTRY--TOPICAL TERM
Topical term or geographic name as entry element Communication in organizations.
650 ## - SUBJECT ADDED ENTRY--TOPICAL TERM
Topical term or geographic name as entry element Interpersonal communication.
942 ## - ADDED ENTRY ELEMENTS (KOHA)
Source of classification or shelving scheme Library of Congress Classification
Item type Book
Holdings
Withdrawn status Lost status Source of classification or shelving scheme Damaged status Not for loan Collection code Home library Current library Shelving location Date acquired Source of acquisition Cost, normal purchase price Total Checkouts Full call number Barcode Date last seen Date last borrowed Copy number Price effective from Koha item type
    Library of Congress Classification     Non-fiction Nairobi Campus Nairobi Campus General Circulation 04/07/2017 Donations- BFA 2150.00 7 HD30.3 .F55 1993 054184 25/10/2023 07/10/2023 1 04/07/2017 Book